000 00297nam a22001337a 4500
008 180122b xxu||||| |||| 00| 0 eng d
020 _a 9780323031943
041 _aeng
080 _a61
100 _a3
101 _aSHM
245 _aNANDA NOC AND NIC LINKAGES
_cJOHNSON.M
942 _2udc
_cBK
999 _c40658
_d40658